European travel accounts during the reigns of Shahjahan and Aurangzeb / (Record no. 129949)

MARC details
000 -LEADER
fixed length control field 00796nam a22002297a 4500
005 - DATE AND TIME OF LATEST TRANSACTION
control field 20170124110105.0
010 ## - LIBRARY OF CONGRESS CONTROL NUMBER
LC control number A-794504
020 ## - INTERNATIONAL STANDARD BOOK NUMBER
Terms of availability 260.00
035 ## - SYSTEM CONTROL NUMBER
System control number A-794504
037 ## - SOURCE OF ACQUISITION
Source of stock number/acquisition Cen Lib/Ret
040 ## - CATALOGING SOURCE
Original cataloging agency DPL
Language of cataloging EN
082 ## - DEWEY DECIMAL CLASSIFICATION NUMBER
Classification number 954.922
Item number NAN
100 ## - MAIN ENTRY--PERSONAL NAME
Personal name Nanda, Meera
9 (RLIN) 27869
245 ## - TITLE STATEMENT
Title European travel accounts during the reigns of Shahjahan and Aurangzeb /
Statement of responsibility, etc by Meera Nanda
260 ## - PUBLICATION, DISTRIBUTION, ETC. (IMPRINT)
Place of publication, distribution, etc Kurukshetra
Name of publisher, distributor, etc Nirmal Book Agency
Date of publication, distribution, etc 1994
270 ## - ADDRESS
Address Railway Road Opp. Oriential Bank of Commerce
City Kurukshetra
Postal code 132118
300 ## - PHYSICAL DESCRIPTION
Extent viii,187p.
Dimensions 21cm(Hb)
500 ## - GENERAL NOTE
General note Includes bibliographical references and index
650 ## - SUBJECT ADDED ENTRY--TOPICAL TERM
Topical term or geographic name as entry element Mogul Empire -- Description and travel
9 (RLIN) 27870
650 ## - SUBJECT ADDED ENTRY--TOPICAL TERM
Topical term or geographic name as entry element Europeans -- India -- History
9 (RLIN) 27871
942 ## - ADDED ENTRY ELEMENTS (KOHA)
Source of classification or shelving scheme Dewey Decimal Classification
Koha item type English Books
Classification part 954.922
Call number suffix NAN
Holdings
Withdrawn status Lost status Damaged status Not for loan Home library Current library Date acquired Source of acquisition Cost, normal purchase price Total Checkouts Full call number Barcode Date last seen Copy number Cost, replacement price Price effective from Koha item type
        Central Library Central Library 08/07/2015 Cen Lib/Ret 260.00   954.922 NAN A-794504 08/07/2015 1 260.00 08/07/2015 English Books

© Delhi Public Library
Hit Counter
free hit counter